000 02227nam0a2200313 4500
001 RU\NLR\BIBL_A\022745869
005 20260531100052.0
010 _a978-5-7883-2254-4
_9120
021 _aRU
_bКН-П-26-001390
_9КН-П-26-0130
035 _a(NLR Aleph) 022745869
090 _a13717561
_c13717561
100 _a20260305d2025 u y0rusy50 ca
101 0 _arus
102 _aRU
105 _aa j 000yy
181 0 _ai3
_baxxe
182 0 _an
200 1 _aПсихолого-педагогическое сопровождение развития и воспитания детей
_eучебное пособие для обучающихся по основной образовательной программе высшего образования по направлениям подготовки 44.04.02 Психолого-педагогическое образование, 44.03.02 Психолого-педагогическое образование
_fУ. Г. Егорова
_gМинистерство науки и высшего образования Российской Федерации, Федеральное государственное автономное образовательное учреждение высшего образования "Самарский национальный исследовательский университет имени С. П. Королева" (Самарский университет)
203 _aТекст
_bвизуальный
_cнепосредственный
210 _aСамара
_cИзд-во Самарского университета
_d2025
215 _a87 с.
_cтабл.
_d20
320 _aБиблиогр.: с. 80-82 (31 назв.)
606 1 _aДети
_jУчебные издания для высших учебных заведений
_xПедагогическая поддержка
_92612582
_3RU\NLR\AUTH\661549140
686 1 _aЧ313я73
700 1 _aЕгорова
_bУ. Г.
_cканд. психол. наук, пед. психология
_gУльяна Геннадьевна
_9245412
_3RU\NLR\AUTH\770245468
942 _cBOOK
980 _aNB